| 000 | 01259cab a22002055a 4500 | ||
|---|---|---|---|
| 001 | L155646 | ||
| 008 | 120329e2012 xxk 000 0 eng d | ||
| 035 | _a(Sirsi) u155646 | ||
| 041 | 0 | _aeng | |
| 100 | 1 | _aHolberton, Richard | |
| 245 | 0 | 0 |
_aPublic sector asset disposals in Europe _h[electronic resource] |
| 260 |
_aLondon _bCBRE _c2012 |
||
| 490 | 0 |
_aCBRE EMEA Viewpoint _vMarch 2012 |
|
| 520 | _aSales of public sector property assets across Europe increased sharply in 2011 to a total of Euros 2.3bn. There is a well-established appetite in many public funds strapped European countries to raise capital from the sale or development of public property assets. However, executing large-scale disposal programmes will be challenging in some European markets. Sellers will need to assess the likely investment appeal of the assets in question and to consider various approaches including phased disposal or partnership arrangements. Covers both market activity and policy framework. | ||
| 590 | _aKA | ||
| 651 | 4 | _aEurope | |
| 690 |
_aCommercial property _96227 |
||
| 856 | 4 | 0 |
_uhttps://www.cbre.co.uk/portal/page/portal/emea_en/research _zView the briefing (type Public Sector Asset in the keyword box and click on search) at www.cbre.co.uk |
| 942 | _n0 | ||
| 999 |
_c83890 _d83890 |
||